Retailing (Record no. 851)

MARC details
005 - DATE AND TIME OF LATEST TRANSACTION
control field 20250318075933.0
020 ## - INTERNATIONAL STANDARD BOOK NUMBER
International Standard Book Number 0-675-20984-6
082 ## - DEWEY DECIMAL CLASSIFICATION NUMBER
Classification number 658.87 LEW
100 ## - MAIN ENTRY--PERSONAL NAME
Author name LEWISON, D. M.
245 ## - TITLE STATEMENT
Title Retailing
250 ## - EDITION STATEMENT
Edition statement 3rd Ed.
260 ## - PUBLICATION, DISTRIBUTION, ETC.
Place of publication, distribution, etc. Toronto,
Name of publisher, distributor, etc. Merrill Publishing Company,
Date of publication, distribution, etc. 1989.
300 ## - PHYSICAL DESCRIPTION
Extent xvi, 798p.: ill.; figure, picture, table
Other physical details Index
Dimensions 25cm.
700 ## - ADDED ENTRY--PERSONAL NAME
Other authors/Editors DeLOZIER, M. W.
942 ## - ADDED ENTRY ELEMENTS (KOHA)
Source of classification or shelving scheme Dewey Decimal Classification
Koha item type Books
Holdings
Date last seen Total checkouts Full call number Barcode Cost, replacement price Price effective from Koha item type Lost status Source of classification or shelving scheme Damaged status Not for loan Withdrawn status Home library Current library Shelving location Date acquired Cost, normal purchase price
06/29/2025   658.87 LEW DOM0003873 60000.00 06/29/2025 Books   Dewey Decimal Classification       CBE Dodoma CBE Dodoma General Collection 06/03/2009 20000.00
03/18/2025   658.87 LEW 0000003328 60000.00 03/18/2025 Books   Dewey Decimal Classification       College of Business Education Main Library College of Business Education Main Library General Collection 03/18/2025 20000.00
03/18/2025   658.87 LEW 0000003329 60000.00 03/18/2025 Books   Dewey Decimal Classification       College of Business Education Main Library College of Business Education Main Library General Collection 03/18/2025 20000.00
03/18/2025   658.87 LEW 0000003342 60000.00 03/18/2025 Books   Dewey Decimal Classification       College of Business Education Main Library College of Business Education Main Library General Collection 03/18/2025 20000.00